| 000 | 01289cam a22002535a 4500 | ||
|---|---|---|---|
| 001 | 18127934 | ||
| 005 | 20161025140924.0 | ||
| 008 | 140425s2014 nyu frb f001 0 eng d | ||
| 020 | _a9781107605961 | ||
| 040 |
_aDLC _beng _cDLC _dDLC _dEG-ScBUE |
||
| 082 | 0 | 4 |
_a335 _222 _bOTT |
| 100 | 1 | _aOtteson, James R. | |
| 245 | 1 | 4 |
_aThe End of Socialism / _cJames R. Otteson. |
| 260 |
_aNew York : _bCambridge University Press, _c2014. |
||
| 300 |
_axiv, 224 p. ; _c24 cm |
||
| 500 | _aIndex : p. 221-224. | ||
| 504 | _aBibliography : p. 209-219. | ||
| 505 | 8 | _aMachine generated contents note: 1. What socialism and capitalism are; Part I. Socialism's Problems in Practice: 2. Knowledge and planning; 3. Knowledge: value, equality, and experts; 4. Knowledge and community; 5. The day-two problem; Part II. Socialism's Problems in Principle: 6. Economics and morality; 7. Respect and individuality; 8. Socialism's great mistake; 9. Prosperity; 10. Equality and freedom; 11. Fairness; Conclusion. Grapes sweet and sour. | |
| 520 | _a"The End of Socialism explores the exact nature of the practical difficulties socialism faces and examines how its moral ideals can guide policy"-- | ||
| 650 | 7 |
_aSocialism. _2BUEsh _910837 |
|
| 651 | _2BUEsh | ||
| 653 |
_bBUSBOL _cOctober2016 |
||
| 942 | _2ddc | ||
| 999 |
_c22858 _d22830 |
||